000
00307nam a2200121Ia 4500
008
190107s9999 xx 000 0 und d
020
_a
9788187326830
100
_a
J.Krishnamurti
245
0
_a
World within: You are the story of humanity
260
_b
Krishnamurti foundations
365
_b
295/-
942
_c
BK
999
_c
773
_d
773